000 00766nam a2200217Ia 4500
003 GCL
005 20240530105236.0
008 140319s9999 xx 000 0 ara d
040 _aGCL /
_cGCL
082 0 4 _a347.01
_bن س
100 1 _aنبيل اسماعيل عمر
245 1 0 _aسلطة القاضى التقديرية فى المواد المدنية والتجارية :
_bدراسة تحليلية تطبيقية /
_cنبيل اسماعيل عمر
260 _aالاسكندرية :
_bمنشات المعارف ،
_c1984
300 _a565 ص
490 0 _aالكتب القانونية
650 0 4 _aالقانون
650 0 4 _aقانون المرافعات
650 0 4 _aالقانون المدنى
650 0 4 _aالقضاة
942 _2ddc
_cBK
999 _c54253
_d54253